¡Trampas¡ (Record no. 164063)
[ view plain ]
| 000 -LEADER | |
|---|---|
| campo de control de longitud fija | 00883nam a22002175i 4500 |
| 001 - NÚMERO DE CONTROL | |
| campo de control | 164063 |
| 003 - IDENTIFICADOR DE NÚMERO DE CONTROL | |
| campo de control | ES-MaACL |
| 005 - FECHA Y HORA DE LA ÚLTIMA TRANSACCIÓN | |
| campo de control | 20250915063101.0 |
| 008 - DATOS DE LONGITUD FIJA--INFORMACIÓN GENERAL | |
| campo de control de longitud fija | 021008s1896 sp |||| | cat d |
| 040 ## - FUENTE DE CATALOGACIÓN | |
| Centro catalogador/agencia de origen | CAM |
| Lengua de catalogación | spa |
| Centro/agencia transcriptor | CAM |
| 100 1# - ENTRADA PRINCIPAL--NOMBRE DE PERSONA | |
| Nombre de persona | Rovira y Serra, Manuel, |
| Fechas asociadas al nombre | 1865-1929 |
| 9 (RLIN) | 132129 |
| 245 11 - MENCIÓN DEL TÍTULO | |
| Título | ¡Trampas¡ |
| Resto del título | : comedia en tres actes y en vers / |
| Mención de responsabilidad, etc. | original de Manel Rovira y Serra. |
| 260 ## - PUBLICACIÓN, DISTRIBUCIÓN, ETC. | |
| Lugar de publicación, distribución, etc. | Barcelona : |
| Nombre del editor, distribuidor, etc. | [s.n.], |
| Fecha de publicación, distribución, etc. | 1896 ( |
| Fabricante | Francisco Badia impresor) |
| 300 ## - DESCRIPCIÓN FÍSICA | |
| Extensión | 135 p. ; |
| Dimensiones | 21 cm. |
| 490 1# - MENCIÓN DE SERIE | |
| Mención de serie | Biblioteca de l'Aureneta |
| 500 ## - NOTA GENERAL | |
| Nota general | En port. : "Estrenat en lo Teatro Romea la vetlla del 14 de Janer de 1896" |
| 598 ## - NOTA LOCAL | |
| Nota local | Serie tomada de la contracub. |
| 830 0# - PUNTO DE ACCESO ADICIONAL DE SERIE-TÍTULO UNIFORME | |
| Título uniforme | Biblioteca de l'Aureneta |
| 9 (RLIN) | 222329 |
| 852 ## - LOCALIZACIÓN | |
| Ubicación | ES-MaACL |
| Número de control de estantería | G-3518(6) |
| Nota libre | -- Enc. tela roja con hierros dorados, falto de la enc. original |
| -- | -- Enc. en un vol. facticio |
| Estatus retirado | Estado de pérdida | Estado de daño | No para préstamo | Colección | Biblioteca de origen | Biblioteca actual | Ubicación en estantería | Fecha de adquisición | Fuente de adquisición | Total de préstamos | Signatura topográfica completa | Código de barras | Visto por última vez | Precio de reemplazo | Tipo de ítem Koha |
|---|---|---|---|---|---|---|---|---|---|---|---|---|---|---|---|
| Libros del s. XIX | Biblioteca del Ateneo de Madrid | Biblioteca del Ateneo de Madrid | Depósito 2 | 17/01/2008 | G-3518(6) | 1171946 | 23/02/2023 | 23/02/2023 | Libro impreso antiguo |
